IFM Opac

Hand Book of Management Games (Record no. 14541)

MARC details
000 -LEADER
fixed length control field 00421nam a22001697a 4500
020 ## - INTERNATIONAL STANDARD BOOK NUMBER
International Standard Book Number 056602442x
082 ## - DEWEY DECIMAL CLASSIFICATION NUMBER
Classification number 658.40353ELG
100 ## - MAIN ENTRY--PERSONAL NAME
Personal name Elgood, Chris
9 (RLIN) 6582
245 ## - TITLE STATEMENT
Title Hand Book of Management Games
250 ## - EDITION STATEMENT
Edition statement 3rd ed
260 ## - PUBLICATION, DISTRIBUTION, ETC.
Place of publication, distribution, etc. Britain
Name of publisher, distributor, etc. Gower
Date of publication, distribution, etc. 1984
300 ## - PHYSICAL DESCRIPTION
Extent xi,332P
Other physical details 25cm
500 ## - GENERAL NOTE
General note Includes index
650 ## - SUBJECT ADDED ENTRY--TOPICAL TERM
Topical term or geographic name entry element Hand book of management games
9 (RLIN) 6583
700 ## - ADDED ENTRY--PERSONAL NAME
Personal name Elgood, Chris
9 (RLIN) 6584
942 ## - ADDED ENTRY ELEMENTS (KOHA)
Koha item type Books
Holdings
Withdrawn status Lost status Damaged status Not for loan Collection code Home library Current library Shelving location Date acquired Total Checkouts Full call number Barcode Date last seen Price effective from Koha item type
        Non-fiction IFM Main Campus Library IFM Main Campus Library Archival Collection 09/21/2021   658.40353ELG 0000004916 01/06/2016 02/19/2022 Books